[Event "Russian Winter op"]
[Site "Moscow"]
[Date "1991.??.??"]
[Round "?"]
[White "Kremenietsky, Anatoly M"]
[Black "Yuferov, Sergey  N"]
[Result "0-1"]
[WhiteElo "2390"]
[BlackElo "2395"]

1.e4 c5 2.Nf3 d6 3.Bb5+ Bd7 4.Bxd7+ Qxd7 5.O-O Nc6 6.c3 d5 7.exd5 Qxd5 8.d4 e6
9.Be3 cxd4 10.cxd4 Nf6 11.Nc3 Qa5 12.Qb3 Qb4 13.Qc2 Be7 14.a3 Qd6 15.Nb5 Qd7
16.Ne5 Qc8 17.Rac1 O-O 18.Nxc6 Qxc6 19.Qxc6 bxc6 20.Rxc6 Rab8 21.a4 Nd5 22.Rfc1 Rb7
23.Bd2 h5 24.g3 Kh7 25.b3 Rd8 26.Ra6 Rdd7 27.Ba5 Bb4 28.Rc4 Bxa5 29.Rxa5 Kg6
30.Kg2 Ne7 31.Ra6 Nd5 32.Kf3 Nb6 33.Rc5 Nd5 34.Rac6 Kf6 35.Ke4 Ke7 36.Rc4 Nb6
37.R4c5 Nd5 38.h3 g6 39.Rc4 Nb6 40.R4c5 Nd5 41.Rc4 Nb6 42.Rc2 Nd5 43.Rb2 Nb4
44.Rc4 Nd5 45.h4 Rb6 46.Nc3 f5+ 47.Kd3 Nb4+ 48.Ke3 Rdb7 49.Rc5 a6 50.a5 Rd6
51.Rc4 Nc6 52.Ra4 Nb4 53.Rd2 Rc6 54.Ne2 Nd5+ 55.Kf3 Rxb3+ 56.Kg2 Kd6 57.Ra1 Rc4
58.Ng1 f4 59.Nf3 fxg3 60.fxg3 Rcc3 61.Rf2 Ne3+ 62.Kg1  0-1

[Event "Moscow5-B"]
[Site "Moscow"]
[Date "1991.??.??"]
[Round "?"]
[White "Maljutin, Evgeni"]
[Black "Dragomarezkij, Evgeni"]
[Result "1/2-1/2"]
[WhiteElo "2385"]
[BlackElo "2455"]

1.e4 c5 2.Nf3 d6 3.Bb5+ Bd7 4.Bxd7+ Qxd7 5.O-O Nc6 6.c3 d5 7.exd5 Qxd5 8.d4 e6
9.Be3 cxd4 10.cxd4 Rd8 11.Nc3 Qa5 12.Qb3 Qb4 13.Qc2 Nf6 14.a3 Qd6 15.Nb5 Qb8
16.Ne5 Rc8 17.Qa4 a6 18.Na7 Qxa7 19.d5 b5 20.Bxa7 bxa4 21.dxc6 Bd6 22.f4 Nd5
23.Rac1 Ra8 24.Bc5 Bxc5+ 25.Rxc5 Ke7 26.g3 Rhc8 27.Rfc1 Rab8 28.Ra5 Rxb2
29.Rxa6 f6 30.Nc4 Rb3 31.f5 Rc7 32.fxe6 Kxe6 33.Re1+ Kf7 34.Nd6+ Kg6 35.Ne8 Re7
36.Rxe7 Nxe7 37.c7 Rxa3 38.Ra8 Rc3 39.Rxa4 Nd5 40.Ra7 h5 41.Kf2 Kh6 42.h4 Kg6
43.Kg2 Kh6 44.Kh2 Kg6 45.Kh3 Nf4+ 46.Kh2 Nd5 47.Kg2 Kh6 48.Kf2 Kg6 49.Rb7 Kh6
50.Nxg7 Nxc7 51.Nf5+ Kg6 52.Ne7+ Kh6 53.Kg2 Rc5 54.Kf3 Nd5 55.Nf5+ Kg6 56.Nd4 Ra5
57.Rd7 Ra3+ 58.Ke4 Nb6 59.Rd8 Ra2 60.Rg8+ Kf7 61.Rb8 Nc4 62.Nf5 Nd2+ 63.Kd3 Nf1
64.Rb7+ Kg6 65.Ne7+ Kh6 66.Ke4  1/2-1/2

[Event "Moscow5-B"]
[Site "Moscow"]
[Date "1991.??.??"]
[Round "?"]
[White "Kalegin, Evgenij"]
[Black "Kozlov, Vladimir N"]
[Result "1/2-1/2"]
[WhiteElo "2390"]
[BlackElo "2360"]

1.e4 c5 2.Nf3 d6 3.Bb5+ Nd7 4.O-O Nf6 5.Re1 g6 6.c3 Bg7 7.d4 O-O 8.a4 a6
9.Bd3 cxd4 10.cxd4 e5 11.dxe5 Nxe5 12.Nxe5 dxe5 13.Na3 Be6 14.Bd2 Qd7 15.Bc3 Nh5
16.g3 Rfd8 17.Bc2  1/2-1/2

[Event "Russian Winter op"]
[Site "Moscow"]
[Date "1991.??.??"]
[Round "?"]
[White "Kuzmin, Gennadi P"]
[Black "Zakharov, Alexander V"]
[Result "1/2-1/2"]
[WhiteElo "2535"]
[BlackElo "2380"]

1.e4 c5 2.Nf3 d6 3.Bb5+ Bd7 4.Bxd7+ Qxd7 5.O-O Nc6 6.c4 e5 7.Nc3 g6 8.d3 Bg7
9.Nd5 Nge7 10.Bg5 Nxd5 11.cxd5 Nd4 12.Nxd4 cxd4 13.Rc1 O-O 14.Qd2 f6 15.Bh6 Bxh6
16.Qxh6 Rac8 17.f3 Qa4 18.Rxc8 Rxc8 19.f4 Qe8 20.fxe5 Qxe5 21.Rc1 Rc5 22.Rxc5 dxc5
23.Qh3 f5 24.Qg3 Qxg3 25.hxg3 fxe4 26.dxe4 c4 27.Kf2 Kf7 28.e5 b5 29.Kf3 a5
30.Ke4 d3 31.Ke3 a4 32.a3 h5  1/2-1/2

[Event "Moscow6"]
[Site "Moscow"]
[Date "1991.??.??"]
[Round "?"]
[White "Bukhtin, Vladimir S"]
[Black "Magerramov, Elmar"]
[Result "1/2-1/2"]
[WhiteElo "2300"]
[BlackElo "2560"]

1.e4 c5 2.Nf3 d6 3.Bb5+ Bd7 4.Bxd7+ Qxd7 5.O-O Nf6 6.d3 Nc6 7.c4 g6 8.Nc3 Bg7
9.h3 O-O 10.Be3 Rac8 11.Qd2 Nh5 12.g4 Nf6 13.Nh2 Ne8 14.f4 f5 15.Rae1 e6
16.Ne2 b6 17.Ng3 Nd4 18.Kh1 Nc7 19.Qg2 Kh8 20.Nf3 Nxf3 21.Rxf3 Qf7 22.b3 Rce8
23.Rd1 fxe4 24.dxe4 d5 25.Rdf1 dxe4 26.Nxe4 Qd7 27.Bd2 Qc6 28.Qe2 Rd8  1/2-1/2

[Event "New York op"]
[Site "New York"]
[Date "1991.??.??"]
[Round "6"]
[White "Shirazi, Kamran G"]
[Black "Reyes, Romuel"]
[Result "1-0"]
[WhiteElo "2390"]
[BlackElo "2255"]

1.e4 c5 2.Nf3 d6 3.Bb5+ Nd7 4.d4 cxd4 5.Qxd4 a6 6.Bxd7+ Bxd7 7.O-O Rc8 8.c4 e5
9.Qd3 b5 10.Na3 bxc4 11.Nxc4 Bb5 12.Nfd2 f5 13.f3 d5 14.exd5 Qh4 15.b3 Bc5+
16.Kh1 Nf6 17.Bb2 O-O 18.Bxe5 f4 19.Ne4 Nd7 20.Bd4 Bxd4 21.Qxd4 Rf5 22.a4 Bxc4
23.bxc4 Rh5 24.h3 Nf6 25.Rab1 Rh6 26.Nxf6+ gxf6 27.d6 Kh8 28.d7 Rg8 29.Qd2 f5
30.Qd4+ Rf6 31.d8=Q  1-0

[Event "Nimes op"]
[Site "Nimes"]
[Date "1991.??.??"]
[Round "2"]
[White "Belkhodja, Slim"]
[Black "Epishin, Vladimir"]
[Result "0-1"]
[WhiteElo "2365"]
[BlackElo "2620"]

1.e4 c5 2.Nf3 d6 3.Bb5+ Nd7 4.d4 Nf6 5.O-O cxd4 6.Qxd4 e5 7.Qd3 h6 8.c4 Be7
9.Nc3 O-O 10.Be3 a6 11.Ba4 Qa5 12.b4 Qc7 13.Rac1 Nb6 14.Bb3 Bg4 15.Nh4 Kh8
16.h3 Bc8 17.Rfd1 Rd8 18.Nb5 Qc6 19.Nc3 a5 20.b5 Qc7 21.Nd5 Nbxd5 22.cxd5 Qb8
23.Bb6 Ne8 24.Bxd8 Bxd8 25.Nf3 a4 26.Bc4 Bb6 27.Qd2 Nf6 28.Bd3 Nd7 29.Qb4 a3
30.Nd2 Bc5 31.Qb1 Qa7 32.Rf1 Kg8 33.Nb3 Bb6 34.Qc2 Nf6 35.Qc4 Nh5 36.Qb4 Nf4
37.Rcd1 Qb8 38.Rfe1 Bxh3 39.Bf1 Qd8 40.Re3 Bxg2  0-1

[Event "NLD-ch"]
[Site "NLD"]
[Date "1991.??.??"]
[Round "5"]
[White "Bosboom, Manuel"]
[Black "Brenninkmeijer, Joris"]
[Result "0-1"]
[WhiteElo "2460"]
[BlackElo "2525"]

1.e4 c5 2.Nf3 d6 3.Bb5+ Bd7 4.Bxd7+ Qxd7 5.O-O Nc6 6.c3 Nf6 7.d4 Nxe4 8.d5 Ne5
9.Re1 Nxf3+ 10.Qxf3 Nf6 11.Na3 O-O-O 12.b4 Qg4 13.Qd3 e6 14.dxe6 fxe6 15.Qb5 cxb4
16.Rb1 Nd5 17.Qa5 a6 18.cxb4 Rd7 19.Be3 Be7 20.Ba7 Bd8 21.Rbc1+ Rc7 22.b5 Nf4
23.g3 Ne2+ 24.Kf1 Nxc1 25.bxa6 Qf3 26.Kg1 bxa6 27.Be3 Ne2+ 28.Kf1 Rc6 29.Qa4 Nc3  0-1

[Event "Oberwart op"]
[Site "Oberwart"]
[Date "1991.??.??"]
[Round "?"]
[White "Schwab, Rene"]
[Black "Gyorkos, Lajos"]
[Result "1-0"]
[WhiteElo "2245"]
[BlackElo "2440"]

1.e4 c5 2.Nf3 d6 3.Bb5+ Nc6 4.O-O Bd7 5.Re1 a6 6.Bf1 Bg4 7.b3 Nf6 8.Bb2 e6
9.c3 d5 10.e5 Nd7 11.d4 Be7 12.h3 Bh5 13.g4 Bg6 14.c4 dxc4 15.d5 exd5 16.Qxd5 Nb6
17.Qxd8+ Rxd8 18.bxc4 O-O 19.Nc3 Na5 20.Nd5 Nxd5 21.cxd5 Rxd5 22.Rac1 b5
23.a4 c4 24.e6 Nb3 25.exf7+ Rxf7 26.axb5 axb5 27.Rxc4 bxc4 28.Bxc4 Nd2 29.Bxd5 Nxf3+
30.Bxf3 Rxf3 31.Rxe7 Rf7 32.Re3 h5 33.Kg2 Rd7 34.Re5 hxg4 35.hxg4 Kf7 36.Bc3 Rd3
37.Ba1 Ra3 38.Bb2 Rb3 39.Bc1 Rd3 40.Re1 Rd7 41.Be3 Bc2 42.Ra1 Rb7 43.Kg3 Be4
44.Ra5 Bb1 45.Bd4 Rd7 46.Be5 Be4 47.Kf4 Bb7 48.Rb5 Bc6 49.Rb6 Bd5 50.g5 Rb7
51.g6+ Kf8 52.Rd6 Bb3 53.Rc6 Ke8 54.Ra6 Bc2 55.Kg5 Be4 56.Ra4 Bc6 57.Ra8+ Ke7
58.Rc8 Bd7 59.Rg8 Ke6 60.Bxg7 Rb5+ 61.Kh6 Rb1 62.Bd4 Bc6 63.Rf8 Rh1+ 64.Kg7 Bd5
65.Re8+ Kd7 66.Re5 Bb3 67.Rg5 Rd1 68.Be5 Ke6 69.f4 Rh1 70.f5+  1-0

[Event "Oberwart op"]
[Site "Oberwart"]
[Date "1991.??.??"]
[Round "?"]
[White "Schwab, Rene"]
[Black "Ilincic, Zlatko"]
[Result "0-1"]
[WhiteElo "2245"]
[BlackElo "2490"]

1.e4 c5 2.Nf3 d6 3.Bb5+ Nd7 4.O-O a6 5.Bxd7+ Bxd7 6.d4 cxd4 7.Qxd4 e6 8.c4 Qc7
9.Rd1 Rc8 10.b3 b5 11.Na3 Bc6 12.Bb2 b4 13.Nc2 Qb7 14.Re1 Nf6 15.Nd2 Be7
16.a3 bxa3 17.Bxa3 O-O 18.Nb4 Bd7 19.Nd3 Rfd8 20.Bb4 Ng4 21.Ra2 Bf6 22.Qxd6 Bc6
23.Qg3 Rxd3 24.Qxd3 Qxb4 25.Qe2 Ne5 26.Rxa6 Rd8 27.Ra2 Nd3 28.Rd1 Nb2 29.e5 Bxe5
30.Qxe5 Nxd1 31.Qc7 Qd6 32.Qxd6 Rxd6 33.b4 Nc3 34.Rb2 Ne4 35.Nf1 Rd1 36.f3 Nd6
37.Rc2 Nxc4 38.Rc3 Bb5 39.Kf2 Rb1 40.Ne3 Rxb4 41.Kg3 h6 42.Nc2 Rb2 43.Nd4 Nd6
44.h4 Bf1 45.Nc2 Nf5+ 46.Kf4 Bxg2 47.Rc8+ Kh7 48.Ne1 f6 49.Nd3 Rd2 50.h5 Rxd3
51.Kg4 Bxf3+ 52.Kf4 Bxh5 53.Ke4 Rd4+  0-1

[Event "Oberwart op"]
[Site "Oberwart"]
[Date "1991.??.??"]
[Round "?"]
[White "Dobrovolsky, Ladislav"]
[Black "Timoshchenko, Gennadi A"]
[Result "0-1"]
[WhiteElo "2395"]
[BlackElo "2505"]

1.e4 c5 2.Nf3 d6 3.Bb5+ Bd7 4.Bxd7+ Nxd7 5.c4 e5 6.Nc3 g6 7.d3 Bg7 8.O-O Ne7
9.Bd2 O-O 10.a3 h6 11.b4 f5 12.Ne1 f4 13.Nd5 Nc6 14.f3 Rf7 15.Nc2 Nf8 16.a4 Ne6
17.Bc3 h5 18.Rf2 g5 19.Ne1 Bf6 20.Rb1 Ncd4 21.Rfb2 Rb8 22.Nc2 Rg7 23.Nxd4 cxd4
24.Be1 g4 25.g3 fxg3 26.hxg3 Ng5 27.fxg4 Nh3+ 28.Kg2 hxg4 29.Bd2 Be7 30.Qe2 Qe8
31.Rf1 Qg6 32.Rf5 Rf8 33.Qf1 Rff7 34.c5 dxc5 35.Nxe7+ Rxe7 36.bxc5 Rgf7 37.Rb1 Rxf5
38.Qxf5 Qxf5 39.exf5 Kf7 40.Ba5 Rd7 41.Bd2 Kf6 42.a5 Rc7 43.Kf1 Kxf5 44.c6 Rxc6
45.Rxb7 a6 46.Rb6 Rc2 47.Ke2 Ra2 48.Rxa6 Ng1+ 49.Kd1 Nf3 50.Bb4 e4 51.dxe4+ Kxe4
52.Kc1 d3 53.Rg6 Ne5 54.Rd6 Nc4  0-1

[Event "Oslo Cup"]
[Site "Oslo"]
[Date "1991.??.??"]
[Round "6"]
[White "Djurhuus, Rune"]
[Black "Jansa, Vlastimil"]
[Result "0-1"]
[WhiteElo "2400"]
[BlackElo "2495"]

1.e4 c5 2.Nf3 d6 3.Bb5+ Bd7 4.Bxd7+ Qxd7 5.O-O Nc6 6.c3 Nf6 7.d4 Nxe4 8.d5 Ne5
9.Re1 Nxf3+ 10.Qxf3 Nf6 11.c4 e5 12.Qg3 Be7 13.f4 Nh5 14.Qc3 exf4 15.Qf3 g6
16.Nc3 O-O 17.Bxf4 Nxf4 18.Qxf4 Rae8 19.Re4 Kg7 20.Rf1 a6 21.h4 h5 22.a4 Bd8
23.Rxe8 Rxe8 24.Ne4 Re5 25.Rf2 Qe7 26.Ng5 Rf5 27.Qd2 Rxf2 28.Kxf2 Qf6+ 29.Nf3 Qf5
30.g3 Bf6 31.b3 Qe4 32.Qe3 Qxe3+ 33.Kxe3 Kf8 34.Kf4 Bb2 35.Ke4 Ke7 36.Kf4 Bc1+
37.Ke4 Kf6 38.Ne1 Bd2 39.Nf3 Bc3 40.Kf4 Bb2 41.Ke4 Ke7 42.Ke3 f6 43.Ne1 Bc1+
44.Kf3 Kd7 45.Nd3 Bd2 46.Ke2 Bh6 47.Nf2 Kc7 48.Kd3 Bc1 49.Nh3 Kb6 50.Kc2 Be3
51.Kd3 Bc1 52.Kc2 Be3 53.Kd3 Bd4 54.b4 Be5 55.a5+ Kc7 56.bxc5 Bxg3 57.cxd6+ Kxd6
58.Kd4 Be5+ 59.Ke4 Kc5 60.Ng5 Kxc4 61.Nf7 Bc7 62.d6 Bxa5  0-1

[Event "Oslo Cup"]
[Site "Oslo"]
[Date "1991.??.??"]
[Round "9"]
[White "Jansa, Vlastimil"]
[Black "Shabalov, Alexander"]
[Result "0-1"]
[WhiteElo "2495"]
[BlackElo "2505"]

1.e4 c5 2.Nf3 d6 3.Bb5+ Nd7 4.O-O a6 5.Bxd7+ Bxd7 6.d4 cxd4 7.Qxd4 Bg4 8.Nc3 Bxf3
9.gxf3 e6 10.Rd1 Rc8 11.Bf4 Rc6 12.Rd3 f6 13.Qb4 Qb6 14.Qa4 Kf7 15.Rad1 g5
16.Be3 Qxb2 17.Rb1 b5 18.Rxb2 bxa4 19.Nxa4 Ne7 20.Rb6 Rxc2 21.Rdxd6 Nc8 22.Rb7+ Be7
23.Rd2 Rxd2 24.Bxd2 Rd8 25.Be3 Rd3 26.Rc7 Nd6 27.Bc5 Ke8 28.Kg2 Rd2 29.a3 h5
30.Nb6 Bd8 31.Rc6 Rc2 32.Na4 Nb7 33.Rxe6+ Kd7 34.Rxa6 Nxc5 35.Ra7+ Ke6 36.Ra8 Bc7
37.Nxc5+ Rxc5 38.Rh8 h4 39.Re8+ Kd7 40.Ra8 Rc2 41.Ra6 Be5 42.Ra5 Ke6 43.Ra6+ Kf7  0-1

[Event "Paris-ch"]
[Site "Paris"]
[Date "1991.??.??"]
[Round "4"]
[White "Lecuyer, Christian"]
[Black "Chaumont, G."]
[Result "1/2-1/2"]
[WhiteElo "2310"]
[BlackElo "2220"]

1.e4 c5 2.Nf3 d6 3.Bb5+ Bd7 4.a4 Nf6 5.d3 Nc6 6.O-O e6 7.Bg5 Be7 8.Nbd2 h6
9.Bxf6 Bxf6 10.Nc4 Qc7 11.c3 O-O 12.Ne3 a6 13.Bc4 Na5 14.Ba2 b5 15.axb5 axb5
16.Bb1 b4 17.d4 Bb5 18.Re1 bxc3 19.bxc3 cxd4 20.cxd4 Qc3 21.Bc2 Rfc8 22.Rc1 Ba6
23.e5 dxe5 24.Bh7+ Kxh7 25.Rxc3 Rxc3 26.dxe5 Bd8 27.Qd4 Rac8 28.h3 Bb7 29.Nd2 Ba6
30.Qf4 Kg8 31.Ne4 Rc1 32.Rxc1 Rxc1+ 33.Kh2 f5 34.Nd6 Nc6 35.Nexf5 Bg5 36.Qa4 exf5
37.Qxa6 Nxe5 38.Qa8+ Kh7 39.Nxf5 Rf1 40.Ng3 Rxf2 41.Qe4+ Ng6 42.Nh5 Rf7 43.g3 Re7
44.Qc2 Rd7 45.Qf5 Rd2+ 46.Kh1 Re2 47.Nf4 Bxf4 48.gxf4 Rf2 49.Qd3  1/2-1/2

[Event "Philadelphia World op"]
[Site "Philadelphia"]
[Date "1991.??.??"]
[Round "4"]
[White "Lein, Anatoly"]
[Black "Gurevich, Ilya"]
[Result "1/2-1/2"]
[WhiteElo "2485"]
[BlackElo "2495"]

1.e4 c5 2.Nf3 d6 3.Bb5+ Bd7 4.Bxd7+ Qxd7 5.O-O Nf6 6.e5 dxe5 7.Nxe5 Qc7 8.Re1 e6
9.Na3 Nbd7 10.Nxd7 Nxd7 11.Nb5 Qc6 12.Qe2 a6 13.Nc3 Be7 14.d3 O-O 15.Bd2 Rac8
16.Ne4 c4 17.d4 Rfe8 18.Bg5 Bf8 19.Rad1 b5 20.a3 a5 21.c3 b4 22.axb4 axb4
23.Qh5 e5 24.d5 Qg6 25.Qh3 f5 26.Bc1 bxc3 27.bxc3 Nc5 28.Nxc5 Bxc5 29.Be3 Bd6
30.f3 Rb8 31.Qg3 Rb3 32.Qxg6 hxg6 33.Rc1 Ra8 34.Rc2 Raa3 35.Rec1 Ra5 36.Rd1 Raa3
37.Rdc1 f4 38.Bf2 g5 39.g3 Kf7 40.Kg2  1/2-1/2

[Event "Rishon Le Ziyyon"]
[Site "Rishon Le Ziyyon"]
[Date "1991.??.??"]
[Round "?"]
[White "Veinger, Itzchak"]
[Black "Bruk, Ofer"]
[Result "1/2-1/2"]
[WhiteElo "2395"]
[BlackElo "2435"]

1.e4 c5 2.Nf3 d6 3.Bb5+ Bd7 4.Bxd7+ Qxd7 5.O-O Nf6 6.Qe2 e6 7.d4 cxd4 8.Nxd4 Nc6
9.Rd1 Be7 10.c4 Nxd4 11.Rxd4 Qc6 12.Nc3 O-O 13.b3 Nd7 14.Rd3 Rfd8 15.Bb2 a6
16.Rg3 Bf6 17.Rd1 Be5 18.f4 Bf6 19.Kh1 Kh8 20.Rh3 Nf8 21.Rf1 Bxc3 22.Bxc3 f6
23.f5 exf5 24.Rxf5 Re8 25.Rf4 Re6  1/2-1/2

[Event "San Francisco"]
[Site "San Francisco"]
[Date "1991.??.??"]
[Round "4"]
[White "Torre, Eugenio"]
[Black "Christiansen, Larry Mark"]
[Result "1-0"]
[WhiteElo "2530"]
[BlackElo "2590"]

1.e4 c5 2.Nf3 d6 3.Bb5+ Nd7 4.d4 Nf6 5.Nc3 cxd4 6.Qxd4 e5 7.Qd3 Be7 8.Bg5 O-O
9.Bxd7 Bxd7 10.Bxf6 Bxf6 11.Qxd6 Bc6 12.Qxd8 Rfxd8 13.Ke2 b5 14.a3 a5 15.Rhd1 Kf8
16.Ke3 Ke7 17.Rd3 Ke6 18.Rad1 Rxd3+ 19.cxd3 b4 20.axb4 axb4 21.Ne2 Ba4 22.Ra1 Bd8
23.d4 f6 24.Nd2 f5 25.f4 exf4+ 26.Nxf4+ Kf7 27.exf5 Bc7 28.Ne4 Bc6 29.Rc1 Ra6
30.Ne6 Bxe4  1-0

[Event "Santa Clara"]
[Site "Santa Clara"]
[Date "1991.??.??"]
[Round "9"]
[White "Ulibin, Mikhail"]
[Black "Ruban, Vadim"]
[Result "1-0"]
[WhiteElo "2565"]
[BlackElo "2575"]

1.e4 c5 2.Nf3 d6 3.Bb5+ Bd7 4.Bxd7+ Nxd7 5.O-O Ngf6 6.Qe2 e6 7.b3 Be7 8.Bb2 O-O
9.c4 a6 10.d4 cxd4 11.Nxd4 Qc7 12.Nc3 Rfe8 13.Rad1 Bf8 14.f4 e5 15.Nf5 b5
16.cxb5 axb5 17.Qxb5 g6 18.Ng3 exf4 19.Rxf4 d5 20.Qf1 Qb6+ 21.Kh1 Bh6 22.Rf3 dxe4
23.Ncxe4 Nxe4 24.Rxd7 Nc3 25.Rfxf7  1-0

[Event "Santa Clara"]
[Site "Santa Clara"]
[Date "1991.??.??"]
[Round "13"]
[White "Hernandez, Gilberto"]
[Black "Ruban, Vadim"]
[Result "1-0"]
[WhiteElo "2525"]
[BlackElo "2575"]

1.e4 c5 2.Nf3 d6 3.Bb5+ Nc6 4.O-O Bd7 5.Re1 Nf6 6.c3 a6 7.Bf1 Bg4 8.h3 Bxf3
9.Qxf3 g6 10.d3 Bg7 11.Nd2 Nd7 12.Nc4 b5 13.Ne3 b4 14.Bd2 Rb8 15.Nc4 O-O
16.Qd1 Nb6 17.Ne3 a5 18.a4 e6 19.g3 d5 20.exd5 exd5 21.Bg2 Ne5 22.cxb4 cxb4
23.Qb3 Qd7 24.Nc2 Qf5 25.d4 Qd3 26.Re3 Qxb3 27.Rxb3 Nec4 28.Bxb4 axb4 29.a5 Nc8
30.Bxd5 N4d6 31.Rxb4 Nb5 32.a6 Nca7 33.Bb7 Rfd8 34.d5 Kf8 35.Rb3 Nd4 36.Nxd4 Bxd4
37.Rd1 Be5 38.Kg2 Rd6 39.Rdd3 Rdd8 40.f4 Bd6 41.Kf3 Ke7 42.Rbc3 Kd7 43.Rc4 Re8
44.Rd1 Re7 45.b4 Rbe8 46.Rd3 Re1 47.b5 Rf1+ 48.Kg2 Ree1 49.b6 Rg1+ 50.Kf2 Rgf1+
51.Kg2 Rg1+ 52.Kf3 Rgf1+ 53.Kg4 h6 54.f5 Be7 55.Rc7+ Kd6 56.Rxe7 Rxe7 57.fxg6 fxg6
58.h4 Re4+ 59.Kh3 h5 60.bxa7 Re2 61.g4 Rg1 62.Bc8 g5 63.a8=Q  1-0

[Event "Sao Paulo op"]
[Site "Sao Paulo"]
[Date "1991.??.??"]
[Round "4"]
[White "Galego, Luis"]
[Black "Masculo, Jose"]
[Result "1/2-1/2"]
[WhiteElo "2380"]
[BlackElo "2270"]

1.e4 c5 2.Nf3 d6 3.Bb5+ Bd7 4.c4 g6 5.d4 cxd4 6.Qxd4 Nf6 7.Nc3 Bg7 8.Bg5 O-O
9.Qd2 Bxb5 10.cxb5 a6 11.bxa6 Nxa6 12.O-O Nc5 13.Rfe1 Na4 14.Nxa4 Rxa4 15.Qc2 Qa8
16.Qb3 e6 17.e5 dxe5 18.Nxe5 Nd5 19.a3 h6 20.Bd2 Rd4 21.Nf3 Ra4 22.Rad1 Ra6
23.Ne5 b5 24.Qh3 h5 25.Bc1 Rc8 26.Qf3 Qb7 27.h3 Qc7 28.Bf4 Nxf4 29.Rd7 Bxe5
30.Rxc7 Bxc7 31.Qb7 Raa8 32.Qxb5 Rab8 33.Qd7 Bb6 34.Qd2 Rc4 35.Qd6 Bc7 36.Qa6 Rc2
37.b4 Bb6 38.Rf1 e5 39.a4 Bd4 40.Qd6 Rbc8 41.b5 Rd2 42.Kh1 Rcc2 43.b6 Rb2
44.a5 Bxf2 45.Qb8+ Kh7 46.Qf8 Bd4 47.Qxf7+ Kh8 48.Qf8+ Kh7 49.Qf7+ Kh6 50.Qf8+ Kh7  1/2-1/2

[Event "Sao Paulo op"]
[Site "Sao Paulo"]
[Date "1991.??.??"]
[Round "8"]
[White "Spangenberg, Hugo"]
[Black "Gonzalez, R."]
[Result "1/2-1/2"]
[WhiteElo "2220"]
[BlackElo "2300"]

1.e4 c5 2.Nf3 d6 3.Bb5+ Bd7 4.a4 Nf6 5.Nc3 Nc6 6.O-O g6 7.Re1 e5 8.Nd5 Nxd5
9.exd5 Ne7 10.d4 cxd4 11.Nxd4 Bg7 12.Bxd7+ Qxd7 13.Nb5 O-O 14.Qd3 a6 15.Nc3 f5
16.f3 Rac8 17.a5 Qc7 18.Be3 e4 19.fxe4 Bxc3 20.bxc3 Qxc3 21.Bg5 Qc5+ 22.Kh1 Rce8
23.Be3 Qb5 24.c4 fxe4 25.Qxe4 Qd7 26.Qd3 Qg4 27.Bh6 Rf2 28.Qg3 Qxg3 29.hxg3 Kf7
30.Rab1 Rb8 31.Bf4 Nf5 32.c5 g5 33.Bxd6 Nxd6 34.cxd6 Rf5 35.Re7+ Kf6 36.Rd1 Rd8
37.Rxh7 Rxd6 38.Rxb7 Rfxd5 39.Rxd5 Rxd5 40.Rb6+ Kf5 41.Rxa6 Kg4 42.Kh2 Rd8
43.Rh6 Rd5 44.Ra6 Rd3 45.Rb6 Rd4 46.Rb1 Ra4 47.Rb5 Ra3 48.Rb4+ Kf5 49.Rb5+ Kg4
50.Rd5 Ra4 51.Rc5 Ra3 52.Rc4+ Kf5 53.g4+ Ke5 54.Rc6 Kf4 55.Rc4+ Ke5 56.g3 Kd6
57.Re4 Rxa5 58.Kg2 Re5 59.Ra4 Ke6 60.Ra6+ Kf7 61.Kf3 Kg7 62.Ra8 Kf7  1/2-1/2

[Event "Sao Paulo op"]
[Site "Sao Paulo"]
[Date "1991.??.??"]
[Round "11"]
[White "Spangenberg, Hugo"]
[Black "Fiorito, Fabian"]
[Result "0-1"]
[WhiteElo "2220"]
[BlackElo "2435"]

1.e4 c5 2.Nf3 d6 3.Bb5+ Bd7 4.a4 Nc6 5.O-O e6 6.Re1 Nf6 7.Nc3 Be7 8.e5 Nxe5
9.Nxe5 dxe5 10.Rxe5 O-O 11.d3 b6 12.Qf3 a6 13.Bxd7 Qxd7 14.Bg5 Rac8 15.Rae1 b5
16.axb5 axb5 17.Ne4 Nxe4 18.Bxe7 Qxe7 19.Qxe4 Rfd8 20.h3 Rd4 21.Qf3 Qd7 22.b3 h6
23.Ra1 Qd6 24.Ree1 Qd7 25.Ra5 c4 26.dxc4 bxc4 27.b4 c3 28.Rea1 Rxb4 29.Ra7 Qe8
30.Rd1 Ra4 31.Rb7 Ra5 32.Rdd7 Rf5 33.Qd3 Rd5 34.Rxd5 exd5 35.Qxd5 Qe1+ 36.Kh2 Qxf2
37.Qe4 h5 38.Rd7 g6 39.Rd3 Qf6 40.Rf3 Qd6+ 41.Kg1 Rb8 42.Qe1 Qc5+ 43.Kh2 Rc8
44.Qe4 Qc7+ 45.Kg1 Rd8 46.Rd3 Qb6+ 47.Qe3 Qb1+ 48.Kh2 Rxd3 49.Qxd3 Qb8+ 50.Kg1 Qe5
51.Kf2 Kg7 52.Qe2 Qf5+ 53.Ke3 Qd5 54.Qd3 Qxg2 55.Qxc3+ Kh7 56.Kf4 g5+ 57.Ke5 Qf2
58.Kd6 Qe2 59.Qf6 Qa6+ 60.Ke7  0-1

[Event "Schellenberg op"]
[Site "Schellenberg"]
[Date "1991.??.??"]
[Round "4"]
[White "Dueckstein, Andreas"]
[Black "Kuczynski, Robert"]
[Result "1/2-1/2"]
[WhiteElo "2375"]
[BlackElo "2465"]

1.e4 c5 2.Nf3 d6 3.Bb5+ Nc6 4.d4 cxd4 5.Qxd4 Bd7 6.Bxc6 Bxc6 7.Nc3 Nf6 8.Bg5 e6
9.O-O-O Be7 10.Rhe1 O-O 11.e5 dxe5 12.Qh4 Qc7 13.Nxe5 Rfd8 14.Rxd8+ Rxd8
15.Qc4 Nd5 16.Bxe7 Qxe7 17.Nxc6 bxc6 18.g3 Nxc3 19.Qxc3 Qg5+ 20.Qe3 Qc5  1/2-1/2

[Event "Schoeneck"]
[Site "Schoeneck"]
[Date "1991.??.??"]
[Round "1"]
[White "Del Rio, Roland"]
[Black "Reschke, Stefan"]
[Result "0-1"]
[WhiteElo "2245"]
[BlackElo "2310"]

1.e4 c5 2.Nf3 d6 3.Bb5+ Bd7 4.Bxd7+ Qxd7 5.O-O Nc6 6.c4 Ne5 7.d3 Nxf3+ 8.Qxf3 g6
9.Nc3 Bg7 10.Rb1 e6 11.Re1 Ne7 12.Qh3 h6 13.Bd2 Nc6 14.a3 Nd4 15.Ne2 Nb3
16.Bc3 O-O 17.Bxg7 Kxg7 18.Qg4 Qe7 19.Ng3 Qg5 20.h3 Qxg4 21.hxg4 b5 22.Red1 Rab8
23.Ne2 Kf6 24.f3 Rb6 25.cxb5 Rxb5 26.d4 Rfb8 27.dxc5 dxc5 28.Rd7 R5b7 29.Rxb7 Rxb7
30.Rd1 c4 31.Rd8 Ke5 32.Kf1 Nc5 33.Rc8 Nd3 34.Rxc4 Rxb2 35.g3 Rb1+ 36.Kg2 Rb3
37.f4+ Kf6 38.e5+ Kg7 39.Ra4 Rb2 40.Kf3 Ne1+ 41.Kf2 Nc2 42.Kf1 Ne3+ 43.Ke1 Rb7
44.Nd4 Nxg4 45.Ke2 h5 46.Kf3 Nh6 47.Ra6 Ng8 48.a4 Ne7 49.Nb5 Nc8 50.Ke4 Rb6
51.Rxb6 axb6 52.Kd4 Kf8 53.Kc4 Ke7 54.Nc3 Kd7 55.Kb5 Kc7 56.Ne4 Ne7 57.Nd6 Nf5
58.Nxf7 Nxg3 59.Ng5 Kb7 60.Nxe6 Ne4 61.Nd8+ Kc8 62.Ne6 h4 63.Nd4 h3 64.Nf3 Kb7
65.e6 Nd6+ 66.Kb4 Kc6 67.Ne5+ Kd5 68.Nf3 Kc6 69.Ne5+ Kc7 70.Nf3 Ne4 71.Kb5 Nc3+
72.Kb4 Nd5+ 73.Kb5 Kd6 74.Ka6 Kc7 75.Kb5 Kb7 76.Nh2 Nc7+ 77.Kc4 Nxe6 78.f5 gxf5
79.Kd5 Ng7 80.Ke5 Ka6 81.Kf4 Ka5 82.Kg3 Kxa4 83.Nf3 b5 84.Kxh3 b4 85.Kh4 Ne6
86.Kh5 b3 87.Kg6 b2 88.Nd2 f4  0-1

[Event "Schoeneck"]
[Site "Schoeneck"]
[Date "1991.??.??"]
[Round "8"]
[White "Zahn, Nicol"]
[Black "Reschke, Stefan"]
[Result "1-0"]
[WhiteElo "2010"]
[BlackElo "2310"]

1.e4 c5 2.Nf3 d6 3.Bb5+ Bd7 4.Bxd7+ Qxd7 5.O-O Nc6 6.c3 d5 7.exd5 Qxd5 8.Na3 e6
9.Qa4 Qd7 10.Nc2 Nf6 11.d4 cxd4 12.Ncxd4 Nxd4 13.Qxd7+ Kxd7 14.Rd1 Bc5 15.Nxd4 Ke7
16.Bg5 Rad8 17.Nb3 Bb6 18.Kf1 h6 19.Bxf6+ gxf6 20.Ke2 Rdg8 21.g3 Rg5 22.Rd3 Re5+
23.Kf1 Rc8 24.Re1 Rb5 25.Red1 Rc7 26.R1d2 a5 27.Nd4 Rbc5 28.Ne2 e5 29.Rd8 f5
30.Rh8 R5c6 31.Rdd8 Re6 32.Rde8+ Kd6 33.Rxe6+ fxe6 34.Rxh6 Rc5 35.Rh7 Bc7
36.h4 b5 37.h5 b4 38.h6 Rb5 39.Rh8 Rb7 40.h7 Bb6 41.Rd8+ Bxd8 42.h8=Q Bg5
43.Qf8+ Be7 44.Qa8 b3 45.Qxb7  1-0

[Event "Belavenets mem op"]
[Site "Smolensk"]
[Date "1991.??.??"]
[Round "?"]
[White "Maljutin, Evgeni"]
[Black "Magerramov, Elmar"]
[Result "1/2-1/2"]
[WhiteElo "2435"]
[BlackElo "2560"]

1.e4 c5 2.Nf3 d6 3.Bb5+ Bd7 4.Bxd7+ Qxd7 5.O-O Nf6 6.e5 dxe5 7.Nxe5 Qc7 8.d4 Nc6
9.Nxc6 Qxc6 10.dxc5 Qxc5 11.Qf3 Qd5 12.Qg3 e6 13.Nc3 Qc6 14.Rd1 Be7 15.Rd3 Rd8
16.Rxd8+ Bxd8 17.Be3 Bc7 18.Qg5 a6 19.Rd1 O-O 20.Qc5 Qxc5 21.Bxc5 Rc8 22.Bb4 Be5
23.Rd2 h5 24.Nd1 Nd5 25.Ba3 b5 26.Ne3 Nxe3 27.fxe3 g5 28.h3 Kg7 29.c3 Kg6
30.Rd7 Rc6 31.Kf2 g4 32.hxg4 hxg4 33.Bb4 Bc7 34.Be7 f6 35.a4 Kf5 36.axb5 axb5
37.Bd8 Be5 38.Be7 Bc7 39.Bd8 Bd6 40.Rb7 b4 41.Ba5 bxc3 42.Bxc3 Ke4 43.Ra7 f5
44.Ra4+ Kd3 45.Rd4+ Kc2 46.Ke2 Bc5 47.Rf4 Bb6 48.Ra4 Bc5 49.Rf4 Bb6 50.Ra4 Bc5
51.Ra8 Kb3 52.e4 Kc4 53.Rg8 Rc7 54.exf5 exf5 55.Rg7 Rxg7 56.Bxg7 f4 57.Be5 f3+
58.gxf3 gxf3+ 59.Kxf3  1/2-1/2

[Event "Belavenets mem op"]
[Site "Smolensk"]
[Date "1991.??.??"]
[Round "?"]
[White "Ivanov, Vladimir Ivanovich"]
[Black "Zhelnin, Vladimir V"]
[Result "0-1"]
[WhiteElo "2220"]
[BlackElo "2430"]

1.e4 c5 2.Nf3 d6 3.Bb5+ Bd7 4.Bxd7+ Qxd7 5.O-O Nc6 6.c3 Nf6 7.Qe2 e6 8.d4 cxd4
9.cxd4 d5 10.e5 Ne4 11.Be3 Be7 12.Ne1 f5 13.f3 Ng5 14.Bxg5 Bxg5 15.f4 Be7
16.Nf3 O-O 17.Nbd2 Na5 18.Rfc1 Rac8 19.Nf1 a6 20.Ne3 Rc6 21.Rxc6 Qxc6 22.Qe1 Qb5
23.b3 Nc6 24.Qd2 h6 25.h4 Bb4 26.Qc2 Ba5 27.Rd1 Nb4 28.Qc5 Nc6 29.Kf2 Qxc5
30.dxc5 Bb4 31.Rc1 Rc8 32.Ke2 Ba3 33.Rc2 Kf7 34.h5 Nb4 35.Rd2 Rxc5 36.Nd4 Bc1
37.Rd1 Nxa2 38.Rf1 Nc3+ 39.Kd3 Ne4 40.Nd1 Ng3  0-1

[Event "Belavenets mem op"]
[Site "Smolensk"]
[Date "1991.??.??"]
[Round "?"]
[White "Ivanov, Vladimir Ivanovich"]
[Black "Karpman, Vadim"]
[Result "1/2-1/2"]
[WhiteElo "2220"]
[BlackElo "2445"]

1.e4 c5 2.Nf3 d6 3.Bb5+ Bd7 4.Bxd7+ Qxd7 5.c4 Nc6 6.Nc3 Ne5 7.d3 e6 8.O-O Ne7
9.Ne1 g6 10.f4 N5c6 11.Nf3 Bg7 12.Be3 f5 13.Re1 Nd4 14.Bxd4 cxd4 15.Nb5 O-O
16.Nbxd4 e5 17.fxe5 dxe5 18.Nc2 Nc6 19.Ne3 f4 20.Nd5 Kh8 21.b4 Nd8 22.Rc1 Ne6
23.Rc2 g5 24.h3 h5 25.d4 exd4 26.e5 b5 27.Nxd4 Nxd4 28.Qxh5+ Kg8 29.Rd2 f3
30.Re4 Ne2+ 31.Kf2 Qf7 32.Qxf7+ Rxf7 33.gxf3 Nf4 34.e6 Rb7 35.Nxf4 gxf4 36.Rxf4 Re8
37.Rd7 Rxd7 38.exd7 Rd8 39.cxb5 Rxd7 40.Ke2 Re7+ 41.Re4 Rc7 42.a4 Kf7 43.a5 Rc8
44.Kd3 Rc3+ 45.Ke2 Rc8 46.Kd3  1/2-1/2